Učet zatrat na ulučšenije kačestva produkcii

Salvato in:
Dettagli Bibliografici
Natura: Libro
Lingua:russo
Pubblicazione: Moskva Finansy i statistika 1986
Edizione:1. izd.
Tags: Aggiungi Tag
Nessun Tag, puoi essere il primo ad aggiungerne!!

MARC

LEADER 00000nam a2200000 4500
001 c027094
005 20250711114900.2
041 0 |a rus 
044 |a RU 
245 1 0 |a Učet zatrat na ulučšenije kačestva produkcii  |c Petr Paramonovič Novičenko, Tat'jana Dmitrijevna Popova 
250 |a 1. izd. 
264 1 |a Moskva  |b Finansy i statistika  |c 1986 
300 |a 102 s.